000 01028nam a22003497a 4500
001 BR2011003076
003 BR-BrBNA
005 20230928103640.0
007 ta
008 230509b bl.||||| |||| 00| 0 por d
040 _aBR-BrBNA
_bpor
_cBiblioteca Nacional de Agricultura
041 _a(Por)
072 _aC10; F03
_b1959
_b1930
_b3575
090 _ 1959 BR2011003076
100 1 _aAlcântara, P.B.(coorde.)
110 1 _aInstituto de Zootecnia, Nova Odessa, SP (Brasil)
_96281
245 1 _aCurso de análise de sementes de plantas forrageiras tropicais
260 3 _aNova Odessa, SP ](Brasil):
_c1986.
300 _avp.
500 _a17 tables; Several bibliography; 28 illus.
650 _aFORRAGEIRA TROPICAL
650 _aGRAMÍNEA FORRAGEIRA
650 _aMORFOLOGIA VEGETAL
650 _aPLÂNTULA
650 _aTESTE DE SEMENTES
650 _aGERMINAÇÃO
650 _aDOENÇA DE PLANTA
650 _aERVA DANINHA
650 _aCURSO
909 _a202309
_bLucia
_c55
_dLucia Elande
942 _cBK
999 _c75966
_d75966